[Event "Titled Tuesday intern op 26th May"]
[Site "Chess.com INT"]
[Date "2020.05.26"]
[Round "2"]
[White "Biryukov, Mikhail"]
[Black "Quinonez Garcia, Santiago"]
[Result "1-0"]
[WhiteElo "2314"]
[BlackElo "2227"]
[PlyCount "113"]
[EventDate "2020.05.26"]
[EventType "swiss (blitz)"]
[EventRounds "10"]
[EventCountry "USA"]
[SourceTitle "CBM 196 Extra"]
[Source "ChessBase"]
[SourceDate "2020.07.31"]
[SourceVersion "1"]
[SourceVersionDate "2020.07.31"]
[SourceQuality "1"]

1. e4 c5 2. Nf3 g6 3. c3 Bg7 4. d4 cxd4 5. cxd4 d5 6. exd5 Nf6 7. Nc3 Nxd5 8. Bc4 Nb6 9. Bb3 0-0 10. h3 Nc6 11. Be3 Na5 12. Bc2 Nac4 13. Rb1 e5 14. dxe5 Nxe5 15. Nxe5 Qxd1+ 16. Rxd1 Bxe5 17. Bb3 Bf5 18. 0-0 Rac8 19. Bxb6 axb6 20. Nd5 Rcd8 21. Ne7+ Kg7 22. Nxf5+ gxf5 23. Rfe1 Bxb2 24. Rxd8 Rxd8 25. Re7 Rf8 26. Rxb7 Bd4 27. Rd7 Bc5 28. Kf1 Kg6 29. Rd5 f4 30. Bc2+ Kg7 31. Rf5 Bd6 32. Ke2 f6 33. Rd5 Bc5 34. Bb3 Re8+ 35. Kf3 Re7 36. Rd8 Rc7 37. Rd2 Re7 38. Kxf4 Rc7 39. Kf5 Re7 40. f4 Rc7 41. Rd8 Bf8 42. g4 Ra7 43. h4 h6 44. Rb8 Bc5 45. Rg8+ Kh7 46. h5 Bd4 47. Rd8 Bc3 48. Rd6 Rb7 49. Rd3 Bb2 50. Ke6 Kg7 51. Rd8 b5 52. Bd5 Rc7 53. Kf5 b4 54. Rg8+ Kh7 55. Rb8 Bc3 56. Ke6 Rg7 57. Be4+ 1-0

[Event "Titled Tuesday intern op 12th May"]
[Site "Chess.com INT"]
[Date "2020.05.12"]
[Round "4"]
[White "Anton, Teodor"]
[Black "Biryukov, Mikhail"]
[Result "1-0"]
[WhiteElo "2464"]
[BlackElo "2314"]
[PlyCount "77"]
[EventDate "2020.05.12"]
[EventType "swiss (blitz)"]
[EventRounds "10"]
[EventCountry "USA"]
[SourceTitle "CBM 196 Extra"]
[Source "ChessBase"]
[SourceDate "2020.07.31"]
[SourceVersion "1"]
[SourceVersionDate "2020.07.31"]
[SourceQuality "1"]

1. d4 Nf6 2. c4 e6 3. Nc3 Bb4 4. Nf3 d5 5. Qa4+ Nc6 6. e3 0-0 7. Be2 a6 8. cxd5 exd5 9. 0-0 Re8 10. a3 Bf8 11. b4 Bg4 12. Bb2 Ne4 13. Qc2 Bf5 14. Bd3 Bg6 15. Nd2 Nxc3 16. Bxc3 Bxd3 17. Qxd3 Nb8 18. a4 Nd7 19. b5 Nf6 20. h3 Ne4 21. Nxe4 dxe4 22. Qc4 Bd6 23. Bb4 Re6 24. Bxd6 cxd6 25. bxa6 Rxa6 26. d5 Re5 27. Rab1 Qa8 28. Rfc1 g6 29. Rb4 Kg7 30. Qd4 Ra5 31. Rc7 Raxd5 32. Qa1 b5 33. Rxe4 Kg8 34. Rf4 Rf5 35. Qc3 Rc5 36. Rxc5 Rxc5 37. Qf6 Rc7 38. axb5 Qd5 39. Qd8+ 1-0

[Event "Titled Tuesday intern op 12th May"]
[Site "Chess.com INT"]
[Date "2020.05.12"]
[Round "5"]
[White "Biryukov, Mikhail"]
[Black "Bodi, Tibor"]
[Result "1-0"]
[WhiteElo "2314"]
[BlackElo "2343"]
[PlyCount "81"]
[EventDate "2020.05.12"]
[EventType "swiss (blitz)"]
[EventRounds "10"]
[EventCountry "USA"]
[SourceTitle "EXT 2021"]
[Source "ChessBase"]
[SourceDate "2020.10.23"]
[SourceVersion "1"]
[SourceVersionDate "2020.10.23"]
[SourceQuality "1"]

1. e4 e5 2. Nf3 Nc6 3. d4 exd4 4. Nxd4 Bc5 5. Nb3 Bb6 6. Nc3 d6 7. Nd5 Nge7 8. Bg5 0-0 9. Bc4 Be6 10. Qd3 Bxd5 11. Bxd5 Nb4 12. Qd2 Nbxd5 13. exd5 Qd7 14. 0-0 Rfe8 15. a4 a6 16. a5 Ba7 17. Rfe1 Ng6 18. Nd4 Qg4 19. Nf3 h6 20. h3 Qf5 21. Be3 Bxe3 22. fxe3 Ne5 23. Rf1 Nc4 24. Qc3 Nxe3 25. Rf2 Nxd5 26. Qb3 Nf6 27. Qxb7 Qd7 28. Qb4 Rab8 29. Qc4 Rb5 30. b3 c6 31. Nd4 Rc5 32. Qxa6 Ne4 33. Re2 Nc3 34. Rxe8+ Qxe8 35. Qd3 Qe5 36. a6 Nb5 37. a7 Nxa7 38. Rxa7 Qe1+ 39. Kh2 Qe5+ 40. g3 Rd5 41. Ra8+ 1-0

[Event "Titled Tuesday intern op 12th May"]
[Site "Chess.com INT"]
[Date "2020.05.12"]
[Round "9"]
[White "Diaz Villagran, Robert"]
[Black "Biryukov, Mikhail"]
[Result "0-1"]
[WhiteElo "2305"]
[BlackElo "2314"]
[PlyCount "58"]
[EventDate "2020.05.12"]
[EventType "swiss (blitz)"]
[EventRounds "10"]
[EventCountry "USA"]
[SourceTitle "EXT 2021"]
[Source "ChessBase"]
[SourceDate "2020.10.23"]
[SourceVersion "1"]
[SourceVersionDate "2020.10.23"]
[SourceQuality "1"]

1. e4 c5 2. c3 g6 3. d4 cxd4 4. cxd4 Bg7 5. h3 d6 6. Nf3 Nf6 7. Nc3 0-0 8. Bc4 a6 9. a4 Nc6 10. 0-0 Bd7 11. Be3 Rc8 12. Qe1 Nb4 13. Qe2 Nc2 14. Qxc2 Rxc4 15. Qb3 Rc7 16. e5 Ne8 17. Nd5 Be6 18. Rfd1 h6 19. Bf4 Rd7 20. exd6 Nxd6 21. Ne5 Bxe5 22. dxe5 Nf5 23. g4 Bxd5 24. Qc3 Nh4 25. Bxh6 Nf3+ 26. Kf1 Bc4+ 27. Kg2 Rxd1 28. e6 Nh4+ 29. Kg3 Rd3+ 0-1

[Event "Titled Tuesday intern op 5th May"]
[Site "Chess.com INT"]
[Date "2020.05.05"]
[Round "10"]
[White "Baskin, Robert"]
[Black "Biryukov, Mikhail"]
[Result "1-0"]
[WhiteElo "2390"]
[BlackElo "2314"]
[PlyCount "111"]
[EventDate "2020.05.05"]
[EventType "swiss (blitz)"]
[EventRounds "10"]
[EventCountry "USA"]
[SourceTitle "CBM 196 Extra"]
[Source "ChessBase"]
[SourceDate "2020.07.31"]
[SourceVersion "1"]
[SourceVersionDate "2020.07.31"]
[SourceQuality "1"]

1. e4 c5 2. Nf3 Nc6 3. d4 cxd4 4. Nxd4 Nf6 5. Nc3 e5 6. Ndb5 d6 7. Bg5 a6 8. Na3 b5 9. Bxf6 gxf6 10. Nd5 Bg7 11. Bd3 0-0 12. Qh5 Ne7 13. 0-0 f5 14. Nxe7+ Qxe7 15. exf5 e4 16. Rae1 d5 17. c3 b4 18. Nc2 bxc3 19. bxc3 Qf6 20. Be2 Qxf5 21. Qxf5 Bxf5 22. Nd4 Bg6 23. Rc1 Rfc8 24. Rfd1 Rc7 25. h4 Bh6 26. h5 Bxc1 27. Rxc1 Rac8 28. hxg6 hxg6 29. Bxa6 Rxc3 30. Rxc3 Rxc3 31. Bb7 Rd3 32. Ne2 f5 33. a4 d4 34. a5 Rd1+ 35. Kh2 d3 36. Nc3 Rc1 37. a6 Rxc3 38. a7 Ra3 39. a8Q+ Rxa8 40. Bxa8 d2 41. Bd5+ Kg7 42. Bb3 Kf6 43. Kg1 f4 44. Kf1 f3 45. gxf3 exf3 46. Bd1 Kf5 47. Bxf3 Kf4 48. Bd1 g5 49. Kg2 Ke4 50. Kg3 Kf5 51. Bc2+ Ke5 52. Kg4 Kf6 53. f3 Kf7 54. Kxg5 Kg7 55. Kf4 Kf6 56. Ke3 1-0

[Event "Titled Tuesday intern op 5th May"]
[Site "Chess.com INT"]
[Date "2020.05.05"]
[Round "6"]
[White "Oparin, Grigoriy"]
[Black "Biryukov, Mikhail"]
[Result "1-0"]
[WhiteElo "2652"]
[BlackElo "2314"]
[PlyCount "121"]
[EventDate "2020.05.05"]
[EventType "swiss (blitz)"]
[EventRounds "10"]
[EventCountry "USA"]
[SourceTitle "CBM 196 Extra"]
[Source "ChessBase"]
[SourceDate "2020.07.31"]
[SourceVersion "1"]
[SourceVersionDate "2020.07.31"]
[SourceQuality "1"]

1. Nf3 Nf6 2. g3 e6 3. Bg2 d5 4. c4 dxc4 5. Qa4+ Nbd7 6. Qxc4 a6 7. Qc2 c5 8. Nc3 Be7 9. 0-0 0-0 10. d4 Rb8 11. Rd1 b5 12. dxc5 Bxc5 13. Ng5 Qb6 14. Nce4 Nxe4 15. Nxe4 Be7 16. Be3 Qa5 17. a3 b4 18. Nd6 b3 19. Qc4 Nf6 20. Rac1 h6 21. Nxc8 Rbxc8 22. Qxc8 Rxc8 23. Rxc8+ Kh7 24. Bd4 Qb5 25. Bf3 e5 26. Bc3 e4 27. Bg2 Qxe2 28. Re1 Qb5 29. Rc7 Bd6 30. Rxf7 Be5 31. Re3 Bxc3 32. Rxc3 Qd5 33. Rcc7 Ne8 34. Rce7 Nd6 35. Rxg7+ Kh8 36. Rh7+ Kg8 37. h4 Qd1+ 38. Kh2 Qd2 39. Reg7+ Kf8 40. Rd7 Ke8 41. Ra7 Kd8 42. Ra8+ Nc8 43. Rh8+ Kd7 44. Raxc8 Qxb2 45. Rhd8+ Ke7 46. Re8+ Kf7 47. Rxe4 Qxa3 48. Rb8 a5 49. Re3 a4 50. Bd5+ Kf6 51. Bxb3 axb3 52. Rbxb3 Qa2 53. Rf3+ Kg6 54. Rbe3 Qc2 55. Re6+ Kh5 56. Re5+ Kg6 57. h5+ Kg7 58. Rf4 Qc7 59. Ref5 Qc3 60. Rf7+ Kg8 61. Rf8+ 1-0

[Event "Titled Tuesday intern op 21st April"]
[Site "Chess.com INT"]
[Date "2020.04.21"]
[Round "5"]
[White "Biryukov, Mikhail"]
[Black "Donchenko, Alexander"]
[Result "0-1"]
[WhiteElo "2314"]
[BlackElo "2646"]
[PlyCount "56"]
[EventDate "2020.04.21"]
[EventType "swiss (blitz)"]
[EventRounds "10"]
[EventCountry "USA"]
[SourceTitle "EXT 2021"]
[Source "ChessBase"]
[SourceDate "2020.10.23"]
[SourceVersion "1"]
[SourceVersionDate "2020.10.23"]
[SourceQuality "1"]

1. e4 c6 2. d4 d5 3. Nd2 dxe4 4. Nxe4 Bf5 5. Nc5 e5 6. Nxb7 Qb6 7. Nc5 exd4 8. Nb3 Bb4+ 9. Bd2 Nf6 10. Bd3 Bxd3 11. cxd3 0-0 12. Ne2 c5 13. Bxb4 Qxb4+ 14. Qd2 Qb6 15. Rc1 Nbd7 16. Na5 Rfe8 17. Nc4 Qe6 18. Rc2 Nb6 19. 0-0 Nxc4 20. dxc4 Rad8 21. Nf4 Qa6 22. a3 d3 23. Rcc1 Ne4 24. Qe3 d2 25. Rcd1 Qxc4 26. Nh3 h6 27. Qf4 Qd4 28. b3 Nc3 0-1

[Event "Titled Tuesday intern op 21st April"]
[Site "Chess.com INT"]
[Date "2020.04.21"]
[Round "3"]
[White "Biryukov, Mikhail"]
[Black "Sychev, Klementy"]
[Result "1/2-1/2"]
[WhiteElo "2314"]
[BlackElo "2572"]
[PlyCount "124"]
[EventDate "2020.04.21"]
[EventType "swiss (blitz)"]
[EventRounds "10"]
[EventCountry "USA"]
[SourceTitle "EXT 2021"]
[Source "ChessBase"]
[SourceDate "2020.10.23"]
[SourceVersion "1"]
[SourceVersionDate "2020.10.23"]
[SourceQuality "1"]

1. e4 e5 2. Nf3 Nc6 3. d4 exd4 4. Nxd4 Nf6 5. Nc3 Bc5 6. Nxc6 bxc6 7. Bd3 0-0 8. 0-0 d5 9. Bg5 Qd6 10. exd5 cxd5 11. Bxf6 Qxf6 12. Nxd5 Qg5 13. c4 Rd8 14. Qc2 h5 15. Kh1 h4 16. f4 Qh5 17. f5 h3 18. Be4 Rb8 19. Rae1 Qg5 20. b3 c6 21. Nf4 hxg2+ 22. Qxg2 Qxg2+ 23. Kxg2 a5 24. Bxc6 Bxf5 25. Nd5 Be6 26. Re2 Rbc8 27. Bb7 Rb8 28. Bc6 Rd6 29. Ba4 Bxd5+ 30. cxd5 Rxd5 31. Rf3 Rbd8 32. Bb5 Rd2 33. a4 Rxe2+ 34. Bxe2 g6 35. Bc4 Rd7 36. Rd3 Re7 37. Rd5 Bb4 38. Bb5 Kg7 39. Rd7 Rxd7 40. Bxd7 f5 41. Kf3 Kf6 42. h3 Kg5 43. Be8 Bd6 44. Bf7 Kf6 45. Be8 Be5 46. Ke2 Bd6 47. Kf3 Bc5 48. Ke2 Bb4 49. Kf3 g5 50. Bd7 Kg6 51. Bc8 Kf6 52. Bd7 Ke5 53. Bc8 Bd6 54. Bd7 Bc7 55. Bc8 Bd6 56. Bd7 Be7 57. Bc8 f4 58. Bd7 Kd4 59. Be6 Kc3 60. Bf7 Kb4 61. Be6 Kc3 62. Bf7 Kb4 1/2-1/2

[Event "Titled Tuesday intern op 21st April"]
[Site "Chess.com INT"]
[Date "2020.04.21"]
[Round "8"]
[White "Karacsonyi, Gellert"]
[Black "Biryukov, Mikhail"]
[Result "1/2-1/2"]
[WhiteElo "2292"]
[BlackElo "2314"]
[PlyCount "100"]
[EventDate "2020.04.21"]
[EventType "swiss (blitz)"]
[EventRounds "10"]
[EventCountry "USA"]
[SourceTitle "EXT 2021"]
[Source "ChessBase"]
[SourceDate "2020.10.23"]
[SourceVersion "1"]
[SourceVersionDate "2020.10.23"]
[SourceQuality "1"]

1. e4 c5 2. Nf3 Nc6 3. d4 cxd4 4. Nxd4 Nf6 5. Nc3 e5 6. Nf5 d5 7. exd5 Bxf5 8. dxc6 Qxd1+ 9. Nxd1 bxc6 10. Ne3 Be6 11. Nc4 Nd7 12. Be3 f5 13. f3 Be7 14. 0-0-0 Bf6 15. Bd3 Ke7 16. Rhe1 a5 17. Nb6 Nxb6 18. Bxb6 Kf7 19. Bc7 Bxa2 20. Bxe5 Be6 21. Bxf6 Kxf6 22. f4 a4 23. Re5 g6 24. Rde1 Bd5 25. g3 a3 26. bxa3 Rxa3 27. Kd2 Rd8 28. Re7 Be4 29. Rc7 Bxd3 30. Rxc6+ Kg7 31. cxd3 Raxd3+ 32. Kc1 R8d7 33. Rce6 Rc3+ 34. Kb2 Rcc7 35. R1e2 Kh6 36. Rc2 Ra7 37. Ree2 Kh5 38. h3 Rd3 39. Rg2 Rb7+ 40. Kc1 Rb5 41. g4+ Kh4 42. gxf5 Rxf5 43. Rc7 Rh5 44. Rg5 Rh6 45. Rc2 Kxh3 46. Rcg2 Rh4 47. Rg1 Kh2 48. R1g2+ Kh3 49. Rg1 Kh2 50. R1g2+ Kh3 1/2-1/2

[Event "Titled Tuesday intern op 21st April"]
[Site "Chess.com INT"]
[Date "2020.04.21"]
[Round "4"]
[White "Smirin, Ilia"]
[Black "Biryukov, Mikhail"]
[Result "0-1"]
[WhiteElo "2612"]
[BlackElo "2314"]
[PlyCount "140"]
[EventDate "2020.04.21"]
[EventType "swiss (blitz)"]
[EventRounds "10"]
[EventCountry "USA"]
[SourceTitle "EXT 2021"]
[Source "ChessBase"]
[SourceDate "2020.10.23"]
[SourceVersion "1"]
[SourceVersionDate "2020.10.23"]
[SourceQuality "1"]

1. e4 c5 2. Nf3 Nc6 3. Bb5 g6 4. c3 Nf6 5. Qe2 Bg7 6. 0-0 0-0 7. d4 d5 8. e5 Ne4 9. Rd1 cxd4 10. cxd4 f6 11. Nc3 Nxc3 12. bxc3 Bg4 13. e6 Qd6 14. Re1 Nd8 15. Bd7 f5 16. a4 Bf6 17. Ba3 Qc7 18. h3 Bh5 19. Rac1 Nc6 20. Qe3 Na5 21. Ne5 b6 22. g4 Bxe5 23. Qxe5 Qxe5 24. Rxe5 Nc4 25. gxh5 Nxa3 26. Rxd5 Nc4 27. h6 g5 28. Kg2 Rf6 29. Kg3 Raf8 30. f4 gxf4+ 31. Kxf4 Rxh6 32. Rg1+ Rg6 33. Rg5 Nd6 34. h4 Kg7 35. c4 Nxc4 36. Rdxf5 Nd6 37. Rxf8 Kxf8 38. Rxg6 hxg6 39. Kg5 Kg7 40. Bc6 a6 41. Bf3 b5 42. a5 b4 43. Bd5 Nb5 44. Bc4 Nxd4 45. Bxa6 Nxe6+ 46. Kg4 b3 47. Bd3 Nc5 48. Bb1 e5 49. Kf3 Kf6 50. Ke3 Ke6 51. Kd2 e4 52. Kc3 Kd5 53. a6 Nxa6 54. Kxb3 Kd4 55. Kc2 Nc5 56. Kd2 Nd3 57. Ke2 Ne5 58. Bc2 Nf3 59. Bb1 Nxh4 60. Kf2 Nf5 61. Ke2 g5 62. Kf2 g4 63. Ke2 g3 64. Ba2 Ke5 65. Kf1 Kf4 66. Ke2 Nd4+ 67. Kf1 e3 68. Bc4 Kg4 69. Kg2 e2 70. Be6+ Nxe6 0-1

[Event "Titled Tuesday intern op 14th April"]
[Site "Chess.com INT"]
[Date "2020.04.14"]
[Round "7"]
[White "Biryukov, Mikhail"]
[Black "Tomiello, Lucas Costamilan"]
[Result "1-0"]
[WhiteElo "2314"]
[BlackElo "2133"]
[PlyCount "37"]
[EventDate "2020.04.14"]
[EventType "swiss (blitz)"]
[EventRounds "10"]
[EventCountry "USA"]
[SourceTitle "EXT 2021"]
[Source "ChessBase"]
[SourceDate "2020.10.23"]
[SourceVersion "1"]
[SourceVersionDate "2020.10.23"]
[SourceQuality "1"]

1. e4 c5 2. Nf3 d6 3. Bb5+ Nd7 4. d4 cxd4 5. Qxd4 a6 6. Bxd7+ Bxd7 7. c4 e5 8. Qd3 b5 9. Nc3 Qb6 10. cxb5 axb5 11. 0-0 Be7 12. Nd5 Qb8 13. Be3 Bd8 14. Rfd1 Nh6 15. Bxh6 gxh6 16. Qe3 0-0 17. Qxh6 Be6 18. Ng5 Bxg5 19. Qxg5+ 1-0

[Event "Vladivostok Russian Cup"]
[Site "Vladivostok"]
[Date "2012.09.21"]
[Round "5"]
[White "Biryukov, Mikhail"]
[Black "Kravtsov, Sergey"]
[Result "0-1"]
[WhiteElo "2199"]
[BlackElo "2328"]
[PlyCount "156"]
[EventDate "2012.09.17"]
[EventType "swiss"]
[EventRounds "9"]
[EventCountry "RUS"]
[SourceTitle "CBM 150 Extra"]
[Source "ChessBase"]
[SourceDate "2012.10.19"]
[SourceVersion "1"]
[SourceVersionDate "2012.10.19"]
[SourceQuality "1"]

1. e4 e6 2. d4 d5 3. exd5 exd5 4. Bd3 c6 5. Ne2 Nf6 6. 0-0 Be7 7. c3 0-0 8. Bg5 Bg4 9. Qc2 h6 10. Bh4 Bxe2 11. Qxe2 Nbd7 12. Nd2 Re8 13. Qd1 Bd6 14. Qf3 Qc7 15. Bg3 Bxg3 16. Qxg3 Qxg3 17. hxg3 a5 18. Rfe1 Rxe1+ 19. Rxe1 Kf8 20. Nf3 Re8 21. Rxe8+ Nxe8 22. Kf1 Ke7 23. Ke2 Ke6 24. Nd2 Nd6 25. a3 b6 26. b4 a4 27. Bc2 b5 28. g4 Nb6 29. Bd3 g6 30. f3 f5 31. gxf5+ gxf5 32. g3 f4 33. g4 Kf6 34. Kf2 Kg5 35. Kg2 Kh4 36. Bh7 Nbc4 37. Nb1 Ne3+ 38. Kf2 Kg5 39. Ke2 Ndc4 40. Kf2 Nd6 41. Bd3 h5 42. gxh5 Kxh5 43. Kg1 Kh4 44. Kh2 Kg5 45. Kg1 Kf6 46. Kf2 Nf7 47. Be2 Ng5 48. Kg1 Kg6 49. Kh2 Kh5 50. Nd2 Kg6 51. Nb1 Kh6 52. Nd2 Kh5 53. Nb1 Kh4 54. Nd2 Nc2 55. Nb1 Kh5 56. Bd1 Ne1 57. Nd2 Kh4 58. Be2 Nf7 59. Bf1 Nc2 60. Nb1 Ng5 61. Be2 Kh5 62. Bd1 Ne3 63. Be2 Nf7 64. Nd2 Nd6 65. Nb1 Kg5 66. Kh1 Ndf5 67. Kh2 Kf6 68. Nd2 Nc2 69. Nb1 Ng3 70. Bd3 Ne1 71. Bh7 Nxf3+ 72. Kg2 Ng5 73. Bd3 N3e4 74. Be2 Kg6 75. Bg4 Nf6 76. Bc8 f3+ 77. Kf1 Nge4 78. Bb7 Ng4 0-1

[Event "Vladivostok U20 op"]
[Site "Vladivostok"]
[Date "2010.09.25"]
[Round "6"]
[White "Kopaev, Pavel"]
[Black "Biryukov, Mikhail"]
[Result "1/2-1/2"]
[WhiteElo "2091"]
[BlackElo "2137"]
[PlyCount "100"]
[EventDate "2010.09.20"]
[EventType "swiss"]
[EventRounds "9"]
[EventCountry "RUS"]
[SourceTitle "CBM 138 Extra"]
[Source "ChessBase"]
[SourceDate "2010.10.29"]
[SourceVersion "1"]
[SourceVersionDate "2010.10.29"]
[SourceQuality "1"]

1. d4 Nf6 2. Nf3 g6 3. Bg5 Bg7 4. e3 0-0 5. Bd3 d6 6. Nc3 Nbd7 7. 0-0 b6 8. e4 Bb7 9. Re1 e5 10. dxe5 dxe5 11. Qe2 h6 12. Bh4 g5 13. Bg3 Nh5 14. Bc4 Nf4 15. Qe3 c6 16. Rad1 Qe7 17. Qd2 Nc5 18. Qd6 Qxd6 19. Rxd6 Rad8 20. Red1 Rxd6 21. Rxd6 b5 22. Bb3 a5 23. a4 b4 24. Nd1 Rb8 25. Bc4 Kf8 26. Ne3 Ke8 27. Nf5 Bf8 28. Rf6 Nxe4 29. Bxf7+ Kd8 30. Bxf4 exf4 31. Re6 Nc5 32. Re8+ Kc7 33. Rxb8 Kxb8 34. b3 Kc7 35. Ne5 Bc8 36. Bg6 Be6 37. Ng4 Bxf5 38. Bxf5 Kd6 39. f3 Bg7 40. Kf2 Ne6 41. Bxe6 Kxe6 42. Ke2 h5 43. Nf2 Bf6 44. Kd3 Kd5 45. Ne4 Be7 46. Nd2 h4 47. h3 Bd8 48. Nc4 c5 49. Nd2 Bf6 50. Ne4 Be7 1/2-1/2

[Event "Vladivostok op-A"]
[Site "Vladivostok"]
[Date "2010.08.12"]
[Round "9"]
[White "Fatkulin, Andrey"]
[Black "Biryukov, Mikhail"]
[Result "1-0"]
[WhiteElo "2226"]
[BlackElo "2165"]
[PlyCount "143"]
[EventDate "2010.08.04"]
[EventType "swiss"]
[EventRounds "9"]
[EventCountry "RUS"]
[SourceTitle "CBM 138 Extra"]
[Source "ChessBase"]
[SourceDate "2010.10.29"]
[SourceVersion "1"]
[SourceVersionDate "2010.10.29"]
[SourceQuality "1"]

1. d4 d5 2. Nf3 e6 3. e3 c6 4. c4 Nf6 5. Nc3 Nbd7 6. Qc2 Bd6 7. cxd5 exd5 8. Bd3 0-0 9. 0-0 Re8 10. Bd2 Nf8 11. h3 Qe7 12. Nh2 Ne4 13. Bc1 Bb8 14. f4 Nxc3 15. bxc3 Bd6 16. g4 h5 17. Qg2 hxg4 18. Nxg4 Qh4 19. Bd2 Kh8 20. Rf3 Qh5 21. Ne5 Bf5 22. Bxf5 Qxf5 23. Rg3 Ne6 24. h4 Be7 25. h5 Rf8 26. Rh3 Kg8 27. Rf1 Bf6 28. Rff3 Rad8 29. Ng4 Kh7 30. Kh2 Rg8 31. Rhg3 Bh4 32. Rh3 Bf6 33. Ne5 Rgf8 34. Be1 Kg8 35. Bh4 Bxh4 36. Rxh4 f6 37. Ng6 Rfe8 38. Rhh3 Kf7 39. Rfg3 Rg8 40. Qb2 Rd7 41. Rf3 Rc7 42. Rf2 Nf8 43. Rg2 Nxg6 44. hxg6+ Ke8 45. Qb4 Qe6 46. Qa5 b6 47. Qa4 Re7 48. Qa6 Qd7 49. c4 Kd8 50. Rc2 Rge8 51. Qa3 Kc8 52. Qd3 Qxh3+ 53. Kxh3 Rxe3+ 54. Qxe3 Rxe3+ 55. Kg4 Kd7 56. cxd5 cxd5 57. Kf5 a6 58. Rh2 Re8 59. a4 b5 60. axb5 axb5 61. Ra2 Rc8 62. Ra5 Kc6 63. Ke6 Kb6 64. Ra1 Rd8 65. Rc1 Rh8 66. Kf7 Rh4 67. Rf1 b4 68. f5 Rxd4 69. Kxg7 b3 70. Kxf6 Rc4 71. g7 Rc8 72. Rb1 1-0

[Event "Vladivostok op-A"]
[Site "Vladivostok"]
[Date "2010.08.11"]
[Round "8"]
[White "Biryukov, Mikhail"]
[Black "Rychkov, Oleg"]
[Result "0-1"]
[WhiteElo "2165"]
[BlackElo "2105"]
[PlyCount "150"]
[EventDate "2010.08.04"]
[EventType "swiss"]
[EventRounds "9"]
[EventCountry "RUS"]
[SourceTitle "CBM 138 Extra"]
[Source "ChessBase"]
[SourceDate "2010.10.29"]
[SourceVersion "1"]
[SourceVersionDate "2010.10.29"]
[SourceQuality "1"]

1. e4 c5 2. Nf3 e6 3. c3 Nf6 4. e5 Nd5 5. d4 cxd4 6. cxd4 d6 7. Nc3 Nxc3 8. bxc3 Nc6 9. Bf4 dxe5 10. Nxe5 Bd6 11. Bb5 Qc7 12. Bg3 0-0 13. Nxc6 bxc6 14. Bd3 Bb7 15. 0-0 Bxg3 16. hxg3 c5 17. Qc2 g6 18. Rab1 Rac8 19. Be4 Bxe4 20. Qxe4 cxd4 21. cxd4 Qc4 22. Rfd1 Rfd8 23. Qe3 Qd5 24. Qf3 Rc4 25. Rb7 Qxf3 26. gxf3 a5 27. Ra7 Rd5 28. f4 Rc2 29. Rb1 Rxa2 30. Rbb7 Rf5 31. Rc7 g5 32. Rc5 Rxc5 33. dxc5 gxf4 34. gxf4 a4 35. f5 exf5 36. c6 Kg7 37. c7 Rc2 38. Kg2 Kg6 39. Rxa4 Rxc7 40. Ra8 f6 41. Rf8 f4 42. Kf3 Kf5 43. Rh8 Rc3+ 44. Kg2 Rc7 45. Kf3 Rg7 46. Ra8 Kg5 47. Ra5+ f5 48. Ra1 h5 49. Rg1+ Kh6 50. Ra1 Rg4 51. Ra8 Kg5 52. Rg8+ Kf6 53. Rh8 Rh4 54. Rf8+ Kg6 55. Rg8+ Kf7 56. Ra8 Rh2 57. Ra4 Rh3+ 58. Kg2 Rd3 59. Rxf4 Kf6 60. Ra4 Kg5 61. Ra8 Rd6 62. Rf8 Kf4 63. Rh8 Rg6+ 64. Kh2 Rg5 65. Ra8 Kf3 66. Kh3 Rg1 67. Kh4 f4 68. Ra4 Rg2 69. Kxh5 Rxf2 70. Kg5 Kg3 71. Kf5 Rf1 72. Ke4 Re1+ 73. Kd3 f3 74. Ra8 f2 75. Rg8+ Kh4 0-1

[Event "Vladivostok op-A"]
[Site "Vladivostok"]
[Date "2010.08.05"]
[Round "2"]
[White "Biryukov, Mikhail"]
[Black "Kravtsov, Sergey"]
[Result "0-1"]
[WhiteElo "2165"]
[BlackElo "2362"]
[PlyCount "70"]
[EventDate "2010.08.04"]
[EventType "swiss"]
[EventRounds "9"]
[EventCountry "RUS"]
[SourceTitle "CBM 138 Extra"]
[Source "ChessBase"]
[SourceDate "2010.10.29"]
[SourceVersion "1"]
[SourceVersionDate "2010.10.29"]
[SourceQuality "1"]

1. e4 d6 2. d4 Nf6 3. Nc3 g6 4. f4 Bg7 5. Nf3 0-0 6. Be3 Na6 7. e5 Ng4 8. Bg1 c5 9. h3 Nh6 10. Qd2 Nf5 11. 0-0-0 cxd4 12. Bxd4 dxe5 13. Bxe5 Qxd2+ 14. Rxd2 f6 15. Bc4+ Kh8 16. Bd4 Bh6 17. Ne2 Nxd4 18. Rxd4 e5 19. Rd6 exf4 20. Rhd1 Nc5 21. R1d4 Bf5 22. Nc3 Rae8 23. Bb5 Rc8 24. Bc4 b6 25. Rd1 Ne4 26. Nxe4 Rxc4 27. Nc3 b5 28. R1d2 b4 29. Nd5 Bg7 30. Ne7 Be4 31. b3 Rc7 32. Nd5 Rb7 33. Nd4 f3 34. Ne6 fxg2 35. Rd1 Bf3 0-1

[Event "Vladivostok op-A"]
[Site "Vladivostok"]
[Date "2010.08.04"]
[Round "1"]
[White "Gritsenko, Andrey"]
[Black "Biryukov, Mikhail"]
[Result "1/2-1/2"]
[WhiteElo "2390"]
[BlackElo "2165"]
[PlyCount "30"]
[EventDate "2010.08.04"]
[EventType "swiss"]
[EventRounds "9"]
[EventCountry "RUS"]
[SourceTitle "CBM 138 Extra"]
[Source "ChessBase"]
[SourceDate "2010.10.29"]
[SourceVersion "1"]
[SourceVersionDate "2010.10.29"]
[SourceQuality "1"]

1. e4 e5 2. Nf3 Nc6 3. Bb5 h6 4. Bxc6 dxc6 5. 0-0 Bg4 6. h3 h5 7. c3 Qd3 8. hxg4 hxg4 9. Nxe5 Bd6 10. Nxd3 Bh2+ 11. Kh1 Bd6+ 12. Kg1 Bh2+ 13. Kh1 Bd6+ 14. Kg1 Bh2+ 15. Kh1 Bd6+ 1/2-1/2

[Event "Kostroma Volga Cup"]
[Site "Kostroma"]
[Date "2010.07.11"]
[Round "13.1"]
[White "Biryukov, Mikhail"]
[Black "Davydiants, Eduard"]
[Result "1/2-1/2"]
[WhiteElo "2165"]
[BlackElo "2223"]
[PlyCount "90"]
[EventDate "2010.07.03"]
[EventType "tourn"]
[EventRounds "13"]
[EventCountry "RUS"]
[EventCategory "2"]
[SourceTitle "EXT 2011"]
[Source "ChessBase"]
[SourceDate "2010.11.26"]
[SourceVersion "1"]
[SourceVersionDate "2010.11.26"]
[SourceQuality "1"]

1. e4 c5 2. Nf3 d6 3. Bb5+ Bd7 4. Bxd7+ Qxd7 5. 0-0 Nc6 6. c3 Nf6 7. Re1 g6 8. d4 cxd4 9. cxd4 Bg7 10. Nc3 0-0 11. b3 a6 12. Bb2 Ne8 13. Rc1 Rc8 14. Nd5 Qd8 15. Qe2 e6 16. Ne3 Nc7 17. Red1 d5 18. e5 Re8 19. Qd2 f6 20. exf6 Bxf6 21. Ng4 Bg7 22. Nh6+ Bxh6 23. Qxh6 Nb5 24. Ng5 Qd7 25. Qh3 Nd6 26. Re1 Nf5 27. Rcd1 Nd8 28. Qd3 Nf7 29. Nxf7 Qxf7 30. Re2 Rc6 31. Rc2 Rec8 32. Rdc1 Qd7 33. h3 R8c7 34. Rxc6 Rxc6 35. Rxc6 Qxc6 36. Qc3 Ne7 37. Qd2 Qd6 38. Qc1 Nc6 39. Ba3 Qb8 40. Qe3 Qe8 41. Bd6 Qf7 42. Be5 Qf5 43. Bd6 Qf6 44. Bc5 Qf5 45. Bd6 Qf6 1/2-1/2